Tibayia Uttay Chawan / (Record no. 525573)
[ view plain ]
| 000 -LEADER | |
|---|---|
| fixed length control field | 00457nam a22001697a 4500 |
| 003 - CONTROL NUMBER IDENTIFIER | |
| control field | NUST |
| 038 ## - RECORD CONTENT LICENSOR | |
| Staff Name | waseem |
| 082 ## - DEWEY DECIMAL CLASSIFICATION NUMBER | |
| Classification number | 891.4911 |
| Author Mark | HAM |
| 100 ## - MAIN ENTRY--PERSONAL NAME | |
| Personal name | Hamraaz Ahsan |
| 9 (RLIN) | 16482 |
| 245 ## - TITLE STATEMENT | |
| Title | Tibayia Uttay Chawan / |
| Statement of responsibility, etc. | Hamraaz Ahsan |
| 260 ## - PUBLICATION, DISTRIBUTION, ETC. | |
| Place of publication, distribution, etc. | Karachi : |
| Name of publisher, distributor, etc. | Baila Publications, |
| Date of publication, distribution, etc. | [S.L]. |
| 300 ## - PHYSICAL DESCRIPTION | |
| Extent | 54 p. ; |
| 500 ## - GENERAL NOTE | |
| General note | Paperback. |
| 880 ## - ALTERNATE GRAPHIC REPRESENTATION | |
| Linkage | 100-01\r |
| Title | ھمراز احسن |
| 880 ## - ALTERNATE GRAPHIC REPRESENTATION | |
| Linkage | 245-02\r |
| Title | ٹِنیاں اُتے چھاواں / |
| 942 ## - ADDED ENTRY ELEMENTS (KOHA) | |
| Source of classification or shelving scheme | |
| Koha item type | Book |
| Withdrawn status | Lost status | Source of classification or shelving scheme | Damaged status | Not for loan | Permanent Location | Current Location | Shelving location | Date acquired | Total Checkouts | Full call number | Barcode | Date last seen | Price effective from | Koha item type |
|---|---|---|---|---|---|---|---|---|---|---|---|---|---|---|
| Central Library (CL) | Central Library (CL) | Punjabi Literature | 07/03/2019 | 891.4911 HAM | CL-E-563 | 07/03/2019 | 07/03/2019 | Book |
